Stroje na zpracování informací : Sborník IV

Uložené v:
Podrobná bibliografia
Médium: Kniha
Vydavateľské údaje: Praha : Československá akademie věd, 1956
Tagy: Pridať tag
Žiadne tagy, Buďte prvý, kto otaguje tento záznam!

MARC

LEADER 00000nam a22000003a 4500
001 stu266886
005 20150408182938.6
008 130520s--------cs----------------------d
040 |a STU  |b slo 
041 0
044 |a cs 
245 |a Stroje na zpracování informací :  |b Sborník IV 
260 |a Praha :  |b Československá akademie věd,  |c 1956 
300 |a 314 s 
996 |c I*Z21  |l I  |s A  |a 24  |w stu266886_0001